000
00225 a2200109 4500
001
122018
040
_c
Escola Canadense de Niteroi
090
_a
F3
100
_a
Furtado, Maria
245
1
0
_a
A Fábrica Mágica
942
_c
BK
999
_c
122018
_d
122018